01487nam a2200385 a 4500001001200000003000800012006001900020007001500039008004100054010001700095020004200112020002700154040002100181035002100202050002400223082001500247100001700262245012200279260004000401300003000441490003700471504005100508533015200559650003400711650003500745650002600780650001800806650002200824655002900846700002100875710001700896830004500913856012600958999001701084ebr10714491CaPaEBRm o u cr cn|||||||||121116s2013 enka sb 001 0 eng d z 2012045466 z9781409451600 (hardback : alk. paper) z9781409451617 (e-book) aCaPaEBRcCaPaEBR a(OCoLC)84760964014aHT151b.B643 2013eb04a307.762231 aBrand, Ralf.14aThe radicals' cityh[electronic resource] :burban environment, polarisation, cohesion /cRalf Brand, Sara Fregonese. aFarnham, Engalnd :bAshgate,c2013. axxii, 192 p. :bcol. ill.1 aDesign and the built environment aIncludes bibliographical references and index. aElectronic reproduction.bPalo Alto, Calif. :cebrary,d2013.nAvailable via World Wide Web.nAccess may be limited to ebrary affiliated libraries. 0aUrbanizationxSocial aspects. 0aPolarization (Social sciences) 0aIntergroup relations. 0aUrban policy. 0aSociology, Urban. 7aElectronic books.2local1 aFregonese, Sara.2 aebrary, Inc. 0aDesign and the built environment series.40uhttp://site.ebrary.com/lib/rucke/Doc?id=10714491zAn electronic book accessible through the World Wide Web; click to view c16579d16579